| 000 | 00680nam a22002292 4500 | ||
|---|---|---|---|
| 001 | 0000004193 | ||
| 005 | 20151217145758.0 | ||
| 008 | 070521s xx 000 0 eng d | ||
| 020 |
_a0782125244 : _cKES 3,500 |
||
| 040 |
_aKABU _cKABU |
||
| 050 | 0 |
_aQA76.76 _b.H94R39 2000 |
|
| 100 | 1 |
_aRay, Deborah S. _@0000124264 |
|
| 245 | 1 | 0 |
_aMastering HTML 4 / _cDebora S. Ray, Eric J. Ray. |
| 250 | _aPremium ed. | ||
| 260 |
_aNew Delhi : _bBPB, _c2000. |
||
| 300 | _axxvii, 1188 p. | ||
| 650 | 0 |
_aHTML (Document markup language) _@0000148385 |
|
| 700 | 1 |
_aRay, Eric J. _@0000154625 |
|
| 908 | _a070521 | ||
| 950 | _@1 | ||
| 999 |
_c2522 _d2522 |
||